ნორმალური ფორმატი
MARC ფორმატი
ჩანაწერი Corporate Name
ჩანაწერთა რაოდენობა, რომელიც გამოყენებულია: 1
001 - CONTROL NUMBER
- control field: 26770
003 - CONTROL NUMBER IDENTIFIER
- control field: GE_BSU
005 - DATE AND TIME OF LATEST TRANSACTION
- control field: 20260130150229.0
008 - FIXED-LENGTH DATA ELEMENTS
- fixed length control field: 260130|| aca||aabn | a|a d
040 ## - CATALOGING SOURCE
- Original cataloging agency: GE_BSU
- Transcribing agency: GE_BSU
110 ## - HEADING--CORPORATE NAME
- Corporate name or jurisdiction name as entry element: საქ. სსრ სახელმწ. საგეგმო კომიტეტთან არსებ. სახ. მეურნ. ეკონ. და დაგეგმვის სამეცნ.-კვლევ. ინ-ტი (სმედსი).
670 ## - SOURCE DATA FOUND
- Source citation: Work cat.: (GE_BSU): მელქაძე, ვ. 26708, საქართველოს სსრ საზოგადოებრივი პროდუქტისა და ეროვნული შემოსავლის რეგიონალური სტრუქტურა = Региональная структура общественного продукта и национального дохода Грузинской ССР /
